[Event "2025 National K-12 Grade Championship"]
[Site "Spokane, WI USA, United States"]
[Date "2025.12.13"]
[Round "4.26"]
[White "Egelhof, Thomas"]
[Black "Katta, Sriansh"]
[Result "1/2-1/2"]
[TimeControl "G/90; d10"]
[WhiteFideId "39918955"]
[BlackFideId "30981034"]
[WhiteElo "1882"]
[BlackElo "2062"]

1. e4 {[%clk 01:30:00]} {[%emt 00:00:01]} c5 {[%clk 01:30:00]} {[%emt
00:00:04]} 2. Nf3 {[%clk 01:30:00]} {[%emt 00:00:08]} Nc6 {[%clk 01:30:00]}
{[%emt 00:00:04]} 3. Bb5 {[%clk 01:30:00]} {[%emt 00:00:07]} g6 {[%clk
01:30:00]} {[%emt 00:00:05]} 4. O-O {[%clk 01:29:53]} {[%emt 00:00:16]} Bg7
{[%clk 01:30:00]} {[%emt 00:00:03]} 5. d3 {[%clk 01:29:46]} {[%emt 00:00:18]}
e5 {[%clk 01:28:34]} {[%emt 00:01:37]} 6. Bxc6 {[%clk 01:29:02]} {[%emt
00:00:54]} dxc6 {[%clk 01:28:34]} {[%emt 00:00:09]} 7. Be3 {[%clk 01:28:25]}
{[%emt 00:00:47]} Qe7 {[%clk 01:22:24]} {[%emt 00:06:20]} 8. Nbd2 {[%clk
01:24:27]} {[%emt 00:04:08]} Nf6 {[%clk 01:20:19]} {[%emt 00:02:15]} 9. h3
{[%clk 01:24:08]} {[%emt 00:00:29]} O-O {[%clk 01:19:25]} {[%emt 00:01:04]} 10.
Re1 {[%clk 01:19:13]} {[%emt 00:05:04]} Rd8 {[%clk 01:18:26]} {[%emt 00:01:09]}
11. Qe2 {[%clk 01:15:48]} {[%emt 00:03:35]} Nd7 {[%clk 01:03:14]} {[%emt
00:15:21]} 12. Rad1 {[%clk 01:07:19]} {[%emt 00:08:39]} Nf8 {[%clk 00:51:33]}
{[%emt 00:11:51]} 13. Nf1 {[%clk 00:55:07]} {[%emt 00:12:22]} Ne6 {[%clk
00:50:35]} {[%emt 00:01:09]} 14. Qd2 {[%clk 00:52:15]} {[%emt 00:03:01]} c4
{[%clk 00:49:39]} {[%emt 00:01:05]} 15. Qc3 {[%clk 00:50:31]} {[%emt 00:01:54]}
cxd3 {[%clk 00:47:47]} {[%emt 00:02:02]} 16. Rxd3 {[%clk 00:50:00]} {[%emt
00:00:41]} Nd4 {[%clk 00:37:46]} {[%emt 00:10:11]} 17. N1h2 {[%clk 00:40:17]}
{[%emt 00:09:52]} c5 {[%clk 00:33:55]} {[%emt 00:04:03]} 18. b3 {[%clk
00:36:58]} {[%emt 00:03:29]} Bd7 {[%clk 00:31:32]} {[%emt 00:02:31]} 19. Qd2
{[%clk 00:34:06]} {[%emt 00:03:03]} Bc6 {[%clk 00:25:30]} {[%emt 00:06:12]} 20.
Nxd4 {[%clk 00:29:21]} {[%emt 00:04:55]} cxd4 {[%clk 00:15:28]} {[%emt
00:10:13]} 21. Bh6 {[%clk 00:27:48]} {[%emt 00:01:43]} Bxh6 {[%clk 00:09:20]}
{[%emt 00:06:18]} 22. Qxh6 {[%clk 00:26:42]} {[%emt 00:01:15]} Qb4 {[%clk
00:08:37]} {[%emt 00:00:52]} 23. Nf3 {[%clk 00:25:23]} {[%emt 00:01:30]} f6
{[%clk 00:08:22]} {[%emt 00:00:25]} 24. h4 {[%clk 00:23:29]} {[%emt 00:02:05]}
Bb5 {[%clk 00:08:11]} {[%emt 00:00:21]} 25. Rdd1 {[%clk 00:22:47]} {[%emt
00:00:52]} Rac8 {[%clk 00:07:48]} {[%emt 00:00:33]} 26. Rd2 {[%clk 00:20:25]}
{[%emt 00:02:32]} Rc3 {[%clk 00:07:12]} {[%emt 00:00:45]} 27. h5 {[%clk
00:19:48]} {[%emt 00:00:48]} Qf8 {[%clk 00:07:12]} {[%emt 00:00:07]} 28. Qxf8+
{[%clk 00:19:48]} {[%emt 00:00:08]} Kxf8 {[%clk 00:07:12]} {[%emt 00:00:06]} 29.
hxg6 {[%clk 00:19:20]} {[%emt 00:00:36]} hxg6 {[%clk 00:07:12]} {[%emt
00:00:02]} 30. a4 {[%clk 00:17:57]} {[%emt 00:01:33]} Ba6 {[%clk 00:06:50]}
{[%emt 00:00:30]} 31. Rb1 {[%clk 00:16:40]} {[%emt 00:01:28]} Rdc8 {[%clk
00:06:01]} {[%emt 00:00:59]} 32. Ne1 {[%clk 00:16:05]} {[%emt 00:00:46]} Ke7
{[%clk 00:06:01]} {[%emt 00:00:08]} 33. f3 {[%clk 00:15:14]} {[%emt 00:01:01]}
f5 {[%clk 00:05:44]} {[%emt 00:00:27]} 34. exf5 {[%clk 00:14:25]} {[%emt
00:00:58]} gxf5 {[%clk 00:05:44]} {[%emt 00:00:05]} 35. f4 {[%clk 00:14:19]}
{[%emt 00:00:17]} exf4 {[%clk 00:02:27]} {[%emt 00:03:27]} 36. Rxd4 {[%clk
00:14:19]} {[%emt 00:00:04]} Kf6 {[%clk 00:02:06]} {[%emt 00:00:30]} 37. Rxf4
{[%clk 00:14:19]} {[%emt 00:00:06]} Ke5 {[%clk 00:01:36]} {[%emt 00:00:40]} 38.
Rf3 {[%clk 00:14:13]} {[%emt 00:00:16]} Ke4 {[%clk 00:01:34]} {[%emt 00:00:13]}
39. Kf2 {[%clk 00:14:02]} {[%emt 00:00:21]} f4 {[%clk 00:01:08]} {[%emt
00:00:36]} 40. Rd1 {[%clk 00:13:35]} {[%emt 00:00:37]} Re3 {[%clk 00:01:08]}
{[%emt 00:00:01]} 41. b4 {[%clk 00:12:33]} {[%emt 00:01:12]} Re2+ {[%clk
00:01:08]} {[%emt 00:00:07]} 42. Kg1 {[%clk 00:12:33]} {[%emt 00:00:01]} b6
{[%clk 00:00:34]} {[%emt 00:00:44]} 43. b5 {[%clk 00:12:02]} {[%emt 00:00:41]}
Bb7 {[%clk 00:00:34]} {[%emt 00:00:01]} 44. Rf2 {[%clk 00:12:01]} {[%emt
00:00:11]} Rxf2 {[%clk 00:00:34]} {[%emt 00:00:08]} 45. Kxf2 {[%clk 00:12:01]}
{[%emt 00:00:02]} Rc7 {[%clk 00:00:32]} {[%emt 00:00:12]} 46. Rd2 {[%clk
00:11:52]} {[%emt 00:00:19]} Ke5 {[%clk 00:00:30]} {[%emt 00:00:11]} 47. Nf3+
{[%clk 00:11:32]} {[%emt 00:00:32]} Bxf3 {[%clk 00:00:30]} {[%emt 00:00:05]} 48.
gxf3 {[%clk 00:10:57]} {[%emt 00:00:44]} Rc4 {[%clk 00:00:30]} {[%emt
00:00:08]} 49. Re2+ {[%clk 00:10:53]} {[%emt 00:00:13]} Kd5 {[%clk 00:00:30]}
{[%emt 00:00:06]} 50. Re7 {[%clk 00:09:59]} {[%emt 00:01:05]} Rxa4 {[%clk
00:00:30]} {[%emt 00:00:03]} 51. Rc7 {[%clk 00:09:59]} {[%emt 00:00:07]} Ra5
{[%clk 00:00:25]} {[%emt 00:00:15]} 52. Ke2 {[%clk 00:09:59]} {[%emt 00:00:09]}
Rxb5 {[%clk 00:00:25]} {[%emt 00:00:01]} 53. c4+ {[%clk 00:09:59]} {[%emt
00:00:01]} Kd6 {[%clk 00:00:25]} {[%emt 00:00:02]} 54. Rxa7 {[%clk 00:09:08]}
{[%emt 00:01:01]} Rb2+ {[%clk 00:00:25]} {[%emt 00:00:04]} 55. Kd3 {[%clk
00:09:08]} {[%emt 00:00:03]} Rb3+ {[%clk 00:00:25]} {[%emt 00:00:07]} 56. Ke4
{[%clk 00:09:08]} {[%emt 00:00:04]} Rb4 {[%clk 00:00:22]} {[%emt 00:00:13]} 57.
Kxf4 {[%clk 00:09:08]} {[%emt 00:00:10]} Rxc4+ {[%clk 00:00:22]} {[%emt
00:00:01]} 58. Ke3 {[%clk 00:09:02]} {[%emt 00:00:16]} b5 {[%clk 00:00:22]}
{[%emt 00:00:01]} 59. Kd3 {[%clk 00:09:02]} {[%emt 00:00:09]} Rf4 {[%clk
00:00:21]} {[%emt 00:00:11]} 60. Ke3 {[%clk 00:08:47]} {[%emt 00:00:25]} Ra4
{[%clk 00:00:17]} {[%emt 00:00:14]} 61. Rxa4 {[%clk 00:08:47]} {[%emt
00:00:07]} bxa4 {[%clk 00:00:17]} {[%emt 00:00:01]} 62. Kd4 {[%clk 00:08:47]}
a3 {[%clk 00:00:17]} {[%emt 00:00:03]} 63. Kc3 {[%clk 00:08:47]} Ke5 {[%clk
00:00:17]} {[%emt 00:00:02]} 64. Kb3 {[%clk 00:08:47]} Kf4 {[%clk 00:00:17]}
{[%emt 00:00:01]} 65. Kxa3 {[%clk 00:08:47]} {[%emt 00:00:02]} Kxf3 {[%emt
00:00:03]} 66. Ka2 {[%emt 00:00:26]} 1/2-1/2

[Event "2025 National K-12 Grade Championship"]
[Site "Spokane, WI USA, United States"]
[Date "2025.12.13"]
[Round "4.27"]
[White "Ye, Brian"]
[Black "Balamurali, Mahith"]
[Result "0-1"]
[TimeControl "G/90; d10"]
[WhiteFideId "39951022"]
[BlackFideId "39989976"]
[WhiteElo "1887"]
[BlackElo "1484"]

1. e4 {[%clk 01:30:00]} {[%emt 00:00:02]} e5 {[%clk 01:30:00]} {[%emt
00:00:12]} 2. Nf3 {[%clk 01:30:00]} {[%emt 00:00:05]} Nc6 {[%clk 01:30:00]}
{[%emt 00:00:05]} 3. d4 {[%clk 01:30:00]} {[%emt 00:00:03]} exd4 {[%clk
01:30:00]} {[%emt 00:00:06]} 4. Bc4 {[%clk 01:30:00]} {[%emt 00:00:04]} Bc5
{[%clk 01:30:00]} {[%emt 00:00:08]} 5. O-O {[%clk 01:29:55]} {[%emt 00:00:15]}
h6 {[%clk 01:29:49]} {[%emt 00:00:22]} 6. c3 {[%clk 01:29:20]} {[%emt
00:00:45]} d6 {[%clk 01:29:13]} {[%emt 00:00:46]} 7. cxd4 {[%clk 01:29:20]}
{[%emt 00:00:07]} Bb6 {[%clk 01:29:13]} {[%emt 00:00:06]} 8. Nc3 {[%clk
01:28:17]} {[%emt 00:01:13]} Bg4 {[%clk 01:28:54]} {[%emt 00:00:29]} 9. Be3
{[%clk 01:26:51]} {[%emt 00:01:35]} Nge7 {[%clk 01:27:57]} {[%emt 00:01:07]} 10.
h3 {[%clk 01:24:01]} {[%emt 00:03:01]} Bh5 {[%clk 01:27:25]} {[%emt 00:00:41]}
11. Nd5 {[%clk 01:21:40]} {[%emt 00:02:32]} O-O {[%clk 01:26:51]} {[%emt
00:00:45]} 12. Nxb6 {[%emt 00:01:08]} axb6 {[%clk 01:25:43]} {[%emt 00:01:14]}
13. Qd2 {[%clk 01:18:57]} {[%emt 00:01:57]} Bxf3 {[%clk 01:25:10]} {[%emt
00:00:45]} 14. gxf3 {[%clk 01:18:57]} {[%emt 00:00:03]} Na5 {[%clk 01:24:31]}
{[%emt 00:00:50]} 15. Be2 {[%clk 01:18:40]} {[%emt 00:00:26]} d5 {[%clk
01:21:39]} {[%emt 00:03:01]} 16. Kh2 {[%clk 01:15:32]} {[%emt 00:03:18]} Ng6
{[%clk 01:20:03]} {[%emt 00:01:48]} 17. e5 {[%clk 01:14:20]} {[%emt 00:01:22]}
Re8 {[%clk 01:18:54]} {[%emt 00:01:19]} 18. Rg1 {[%clk 01:13:20]} {[%emt
00:01:09]} Nc4 {[%clk 01:16:57]} {[%emt 00:02:08]} 19. Bxc4 {[%clk 01:13:18]}
{[%emt 00:00:12]} dxc4 {[%clk 01:16:57]} {[%emt 00:00:08]} 20. Qc2 {[%clk
01:08:44]} {[%emt 00:04:44]} Qh4 {[%clk 01:14:34]} {[%emt 00:02:33]} 21. Rg4
{[%clk 01:08:06]} {[%emt 00:00:48]} Qh5 {[%clk 01:12:19]} {[%emt 00:02:24]} 22.
Rag1 {[%clk 01:06:11]} {[%emt 00:02:05]} Kh8 {[%clk 01:10:40]} {[%emt
00:01:49]} 23. R1g3 {[%clk 01:03:04]} {[%emt 00:03:17]} c5 {[%clk 01:07:35]}
{[%emt 00:03:16]} 24. f4 {[%clk 01:01:54]} {[%emt 00:01:20]} Rg8 {[%clk
01:05:48]} {[%emt 00:01:54]} 25. dxc5 {[%clk 00:58:43]} {[%emt 00:03:24]} bxc5
{[%clk 01:04:45]} {[%emt 00:01:13]} 26. Bxc5 {[%clk 00:58:35]} {[%emt
00:00:18]} Rac8 {[%clk 01:03:50]} {[%emt 00:01:05]} 27. Bd6 {[%clk 00:58:20]}
{[%emt 00:00:26]} Nh4 {[%clk 01:02:21]} {[%emt 00:01:39]} 28. Qe4 {[%clk
00:38:30]} {[%emt 00:20:00]} Nf5 {[%clk 01:01:21]} {[%emt 00:01:10]} 29. Rg2
{[%clk 00:37:17]} {[%emt 00:01:22]} Nxd6 {[%clk 01:00:39]} {[%emt 00:00:53]} 30.
exd6 {[%clk 00:37:17]} {[%emt 00:00:01]} f5 {[%clk 01:00:25]} {[%emt 00:00:24]}
31. Qe6 {[%clk 00:35:21]} {[%emt 00:02:06]} fxg4 {[%clk 00:59:25]} {[%emt
00:01:10]} 32. Rxg4 {[%clk 00:34:16]} {[%emt 00:01:14]} Rc6 {[%clk 00:56:35]}
{[%emt 00:03:01]} 33. Rg6 {[%clk 00:33:33]} {[%emt 00:00:53]} c3 {[%clk
00:55:49]} {[%emt 00:00:56]} 34. bxc3 {[%clk 00:32:42]} {[%emt 00:01:02]} Rxc3
{[%clk 00:55:35]} {[%emt 00:00:24]} 35. d7 {[%clk 00:31:54]} {[%emt 00:00:58]}
Qh4 {[%clk 00:55:05]} {[%emt 00:00:40]} 36. Kg2 {[%clk 00:31:27]} {[%emt
00:00:35]} Rc6 {[%clk 00:53:49]} {[%emt 00:01:27]} 37. Qe8 {[%clk 00:29:51]}
{[%emt 00:01:46]} Rxg6+ {[%clk 00:52:52]} {[%emt 00:01:07]} 38. Qxg6 {[%clk
00:29:51]} {[%emt 00:00:02]} Qxf4 {[%clk 00:52:26]} {[%emt 00:00:36]} 39. Qe6
{[%clk 00:29:42]} {[%emt 00:00:18]} Qf6 {[%clk 00:51:55]} {[%emt 00:00:41]} 40.
Qg4 {[%clk 00:27:57]} {[%emt 00:01:53]} Qg5 {[%clk 00:51:55]} {[%emt 00:00:12]}
41. Qxg5 {[%clk 00:27:57]} {[%emt 00:00:08]} hxg5 {[%clk 00:51:55]} {[%emt
00:00:09]} 42. Kf3 {[%clk 00:27:57]} {[%emt 00:00:02]} Rd8 {[%clk 00:51:55]}
{[%emt 00:00:10]} 43. Kg4 {[%clk 00:27:57]} {[%emt 00:00:01]} Rxd7 {[%clk
00:51:48]} {[%emt 00:00:17]} 44. Kxg5 {[%clk 00:27:41]} {[%emt 00:00:26]} Rd2
{[%clk 00:51:48]} {[%emt 00:00:05]} 45. f4 {[%clk 00:27:41]} {[%emt 00:00:05]}
Rxa2 {[%clk 00:51:48]} {[%emt 00:00:06]} 46. Kf5 {[%clk 00:27:41]} {[%emt
00:00:02]} b5 {[%clk 00:51:40]} {[%emt 00:00:19]} 47. Ke4 {[%clk 00:27:41]}
{[%emt 00:00:04]} b4 {[%clk 00:51:29]} {[%emt 00:00:22]} 48. Kd3 {[%clk
00:27:41]} {[%emt 00:00:06]} Ra3+ {[%clk 00:51:15]} {[%emt 00:00:25]} 49. Kc4
{[%clk 00:27:41]} {[%emt 00:00:03]} Rxh3 {[%clk 00:51:10]} {[%emt 00:00:15]} 50.
Kxb4 {[%clk 00:27:41]} {[%emt 00:00:02]} Rh4 {[%clk 00:51:04]} {[%emt
00:00:16]} 51. Kc3 {[%clk 00:27:41]} {[%emt 00:00:07]} Rxf4 {[%clk 00:51:02]}
{[%emt 00:00:12]} 52. Kd3 {[%clk 00:27:41]} g5 {[%clk 00:50:45]} {[%emt
00:00:28]} 53. Ke3 {[%clk 00:27:41]} {[%emt 00:00:02]} Kg7 {[%clk 00:50:36]}
{[%emt 00:00:19]} 54. Ke2 {[%clk 00:27:41]} {[%emt 00:00:06]} g4 {[%clk
00:50:32]} {[%emt 00:00:14]} 55. Ke3 {[%clk 00:27:41]} {[%emt 00:00:06]} g3
{[%clk 00:50:32]} {[%emt 00:00:09]} 56. Kxf4 {[%clk 00:27:41]} {[%emt
00:00:07]} g2 {[%clk 00:50:32]} {[%emt 00:00:07]} 57. Ke5 {[%clk 00:27:41]}
{[%emt 00:00:05]} g1=Q {[%clk 00:50:32]} {[%emt 00:00:10]} 58. Kf5 {[%clk
00:27:40]} {[%emt 00:00:10]} Qe3 {[%clk 00:50:26]} {[%emt 00:00:17]} 59. Kg4
{[%clk 00:27:36]} {[%emt 00:00:14]} Kg6 {[%clk 00:50:25]} {[%emt 00:00:11]} 60.
Kh4 {[%clk 00:27:36]} {[%emt 00:00:06]} Kf5 {[%clk 00:50:14]} {[%emt 00:00:21]}
61. Kh5 {[%clk 00:27:36]} {[%emt 00:00:06]} Qh3 {[%clk 00:50:10]} {[%emt
00:00:09]} 0-1

[Event "2025 National K-12 Grade Championship"]
[Site "Spokane, WI USA, United States"]
[Date "2025.12.13"]
[Round "4.28"]
[White "Goodrich, Sebastian"]
[Black "Wang, Bo-Yuan"]
[Result "0-1"]
[TimeControl "G/90; d10"]
[WhiteFideId "39973077"]
[BlackFideId "39981517"]
[WhiteElo "1753"]
[BlackElo "1434"]

1. e4 {[%clk 01:30:00]} g6 {[%clk 01:30:00]} {[%emt 00:00:07]} 2. d4 {[%clk
01:30:00]} {[%emt 00:00:04]} Bg7 {[%clk 01:29:59]} {[%emt 00:00:12]} 3. Nf3
{[%clk 01:30:00]} {[%emt 00:00:05]} d6 {[%clk 01:29:59]} {[%emt 00:00:07]} 4.
Nc3 {[%clk 01:30:00]} {[%emt 00:00:10]} Nf6 {[%clk 01:29:59]} {[%emt 00:00:07]}
5. Bc4 {[%clk 01:30:00]} {[%emt 00:00:09]} O-O {[%clk 01:29:53]} {[%emt
00:00:15]} 6. Be3 {[%clk 01:30:00]} {[%emt 00:00:03]} Nxe4 {[%clk 01:29:50]}
{[%emt 00:00:14]} 7. Bxf7+ {[%clk 01:29:38]} {[%emt 00:00:32]} Rxf7 {[%clk
01:29:50]} {[%emt 00:00:08]} 8. Nxe4 {[%clk 01:29:38]} {[%emt 00:00:04]} h6
{[%clk 01:29:46]} {[%emt 00:00:14]} 9. Qd2 {[%clk 01:29:38]} {[%emt 00:00:04]}
Kh7 {[%clk 01:29:42]} {[%emt 00:00:14]} 10. h4 {[%clk 01:29:31]} {[%emt
00:00:17]} Bf5 {[%clk 01:28:46]} {[%emt 00:01:06]} 11. Ng3 {[%clk 01:29:27]}
{[%emt 00:00:14]} Bg4 {[%clk 01:24:44]} {[%emt 00:04:12]} 12. h5 {[%clk
01:29:18]} {[%emt 00:00:20]} Bxh5 {[%clk 01:22:41]} {[%emt 00:02:12]} 13. Nxh5
{[%clk 01:29:18]} {[%emt 00:00:05]} gxh5 {[%clk 01:22:41]} {[%emt 00:00:07]} 14.
Rxh5 {[%clk 01:29:18]} {[%emt 00:00:04]} Rf6 {[%clk 01:22:37]} {[%emt
00:00:14]} 15. O-O-O {[%clk 01:28:40]} {[%emt 00:00:48]} Nd7 {[%clk 01:21:44]}
{[%emt 00:01:04]} 16. Rdh1 {[%clk 01:28:40]} {[%emt 00:00:04]} Qf8 {[%clk
01:21:37]} {[%emt 00:00:16]} 17. d5 {[%clk 01:26:47]} {[%emt 00:02:03]} Nc5
{[%clk 01:20:23]} {[%emt 00:01:24]} 18. Bxc5 {[%clk 01:26:35]} {[%emt
00:00:22]} dxc5 {[%clk 01:20:23]} {[%emt 00:00:08]} 19. Ng5+ {[%clk 01:26:28]}
{[%emt 00:00:17]} Kg8 {[%clk 01:18:46]} {[%emt 00:01:47]} 20. Qd3 {[%clk
01:25:20]} {[%emt 00:01:18]} Rf5 {[%clk 01:17:45]} {[%emt 00:01:12]} 21. Ne6
{[%clk 01:22:13]} {[%emt 00:03:16]} Rxh5 {[%clk 01:17:18]} {[%emt 00:00:37]} 22.
Rxh5 {[%clk 01:22:04]} {[%emt 00:00:18]} Qxf2 {[%clk 01:16:45]} {[%emt
00:00:43]} 23. Rh1 {[%clk 01:22:04]} {[%emt 00:00:05]} Qf6 {[%clk 01:11:04]}
{[%emt 00:05:51]} 24. Rf1 {[%clk 01:21:36]} {[%emt 00:00:38]} Qxb2+ {[%clk
01:10:55]} {[%emt 00:00:19]} 25. Kd2 {[%clk 01:21:33]} {[%emt 00:00:13]} Qb4+
{[%clk 01:10:15]} {[%emt 00:00:50]} 26. Ke2 {[%clk 01:18:47]} {[%emt 00:02:56]}
Qg4+ {[%clk 01:09:33]} {[%emt 00:00:52]} 27. Ke1 {[%clk 01:17:49]} {[%emt
00:01:08]} Qb4+ {[%clk 01:09:07]} {[%emt 00:00:35]} 28. Kf2 {[%clk 01:17:32]}
{[%emt 00:00:27]} c4 {[%clk 01:00:10]} {[%emt 00:09:08]} 29. Qg3 {[%clk
01:16:57]} {[%emt 00:00:44]} Qb2 {[%clk 00:59:15]} {[%emt 00:01:05]} 30. Kg1
{[%clk 01:16:33]} {[%emt 00:00:34]} Qe5 {[%clk 00:58:42]} {[%emt 00:00:40]} 31.
Rf4 {[%clk 01:16:18]} {[%emt 00:00:27]} Kh8 {[%clk 00:56:32]} {[%emt 00:02:20]}
32. Qg6 {[%clk 01:10:57]} {[%emt 00:05:31]} Rg8 {[%clk 00:53:35]} {[%emt
00:03:08]} 33. Qf7 {[%clk 01:10:31]} {[%emt 00:00:36]} Qxd5 {[%clk 00:51:38]}
{[%emt 00:02:06]} 34. Rf3 {[%clk 01:10:21]} {[%emt 00:00:20]} Qd1+ {[%clk
00:48:35]} {[%emt 00:03:13]} 35. Kh2 {[%clk 01:10:19]} {[%emt 00:00:11]} Be5+
{[%clk 00:47:41]} {[%emt 00:01:04]} 36. Nf4 {[%clk 01:10:19]} {[%emt 00:00:09]}
Qd2 {[%clk 00:45:27]} {[%emt 00:02:24]} 37. Rg3 {[%clk 01:10:10]} {[%emt
00:00:19]} Rxg3 {[%clk 00:44:55]} {[%emt 00:00:42]} 38. Qf8+ {[%clk 01:10:10]}
{[%emt 00:00:02]} Kh7 {[%clk 00:44:10]} {[%emt 00:00:54]} 39. Qf5+ {[%clk
01:10:08]} {[%emt 00:00:12]} Kg8 {[%clk 00:40:06]} {[%emt 00:04:14]} 40. Qe6+
{[%clk 01:09:29]} {[%emt 00:00:49]} Kf8 {[%clk 00:39:47]} {[%emt 00:00:30]} 41.
Qxe5 {[%clk 01:09:17]} {[%emt 00:00:22]} Rg5 {[%clk 00:33:19]} {[%emt
00:06:37]} 42. Qh8+ {[%clk 01:07:38]} {[%emt 00:01:49]} Kf7 {[%clk 00:32:44]}
{[%emt 00:00:45]} 43. Qh7+ {[%clk 01:07:31]} {[%emt 00:00:17]} Ke8 {[%clk
00:32:22]} {[%emt 00:00:32]} 44. Qh8+ {[%clk 01:05:33]} {[%emt 00:02:08]} Kd7
{[%clk 00:32:16]} {[%emt 00:00:15]} 45. Qf8 {[%clk 01:05:26]} {[%emt 00:00:18]}
Qf2 {[%clk 00:31:06]} {[%emt 00:01:20]} 46. Kh1 {[%clk 01:03:44]} {[%emt
00:01:52]} Qf1+ {[%clk 00:31:06]} {[%emt 00:00:08]} 47. Kh2 {[%clk 01:03:39]}
{[%emt 00:00:14]} Rxg2+ {[%clk 00:31:05]} {[%emt 00:00:11]} 0-1

[Event "2025 National K-12 Grade Championship"]
[Site "Spokane, WI USA, United States"]
[Date "2025.12.13"]
[Round "4.29"]
[White "Yilanli, Mehmet"]
[Black "Korukanti, Arjun Rao"]
[Result "1-0"]
[TimeControl "G/90; d10"]
[WhiteFideId "39959961"]
[BlackFideId "39974430"]
[WhiteElo "1959"]
[BlackElo "1342"]

1. d4 {[%clk 01:30:00]} {[%emt 00:00:01]} Nf6 {[%clk 01:30:00]} {[%emt
00:00:05]} 2. Bf4 {[%clk 01:30:00]} {[%emt 00:00:08]} g6 {[%clk 01:29:58]}
{[%emt 00:00:12]} 3. Nc3 {[%clk 01:30:00]} {[%emt 00:00:05]} Bg7 {[%clk
01:29:52]} {[%emt 00:00:15]} 4. e4 {[%clk 01:30:00]} {[%emt 00:00:06]} d6
{[%clk 01:29:32]} {[%emt 00:00:30]} 5. Qd2 {[%clk 01:30:00]} {[%emt 00:00:06]}
a6 {[%clk 01:27:50]} {[%emt 00:01:51]} 6. Nf3 {[%clk 01:29:58]} {[%emt
00:00:12]} Nbd7 {[%clk 01:27:06]} {[%emt 00:00:54]} 7. O-O-O {[%clk 01:29:27]}
{[%emt 00:00:42]} b5 {[%clk 01:25:19]} {[%emt 00:01:56]} 8. e5 {[%clk
01:27:33]} {[%emt 00:02:04]} Nh5 {[%clk 01:21:46]} {[%emt 00:03:43]} 9. Be3
{[%clk 01:25:03]} {[%emt 00:00:16]} Nb6 {[%clk 01:20:11]} {[%emt 00:04:09]} 10.
Qe1 {[%clk 01:23:48]} {[%emt 00:01:25]} b4 {[%clk 01:15:38]} {[%emt 00:04:43]}
11. Nb1 {[%clk 01:23:39]} {[%emt 00:00:20]} a5 {[%clk 01:11:58]} {[%emt
00:03:51]} 12. h3 {[%clk 01:23:37]} {[%emt 00:00:10]} Bf8 {[%clk 01:10:50]}
{[%emt 00:01:18]} 13. Bd3 {[%clk 01:20:43]} {[%emt 00:03:04]} Ng7 {[%clk
01:09:28]} {[%emt 00:01:32]} 14. Bf4 {[%clk 01:20:17]} {[%emt 00:00:35]} Ne6
{[%clk 01:07:51]} {[%emt 00:01:49]} 15. Qd2 {[%clk 01:19:26]} {[%emt 00:00:59]}
Nxf4 {[%clk 01:05:37]} {[%emt 00:02:24]} 16. Qxf4 {[%clk 01:19:15]} {[%emt
00:00:21]} h6 {[%clk 01:02:17]} {[%emt 00:03:31]} 17. h4 {[%clk 01:11:41]}
{[%emt 00:07:43]} a4 {[%clk 01:00:26]} {[%emt 00:02:01]} 18. Rhe1 {[%clk
01:10:08]} {[%emt 00:01:42]} d5 {[%clk 00:58:03]} {[%emt 00:02:34]} 19. e6
{[%clk 01:09:38]} {[%emt 00:00:40]} Bxe6 {[%clk 00:55:22]} {[%emt 00:02:50]} 20.
Rxe6 {[%clk 01:09:38]} {[%emt 00:00:08]} fxe6 {[%clk 00:54:09]} {[%emt
00:01:23]} 21. Bb5+ {[%clk 01:09:38]} {[%emt 00:00:05]} Nd7 {[%clk 00:52:38]}
{[%emt 00:01:41]} 22. Ne5 {[%clk 01:09:38]} {[%emt 00:00:09]} h5 {[%clk
00:50:17]} {[%emt 00:02:31]} 23. Qf7# {[%clk 01:09:38]} {[%emt 00:00:09]} 1-0